000 00366nam a2200145Ia 4500
005 20260328101445.0
008 260328s9999||||xx |||||||||||||| ||und||
100 _aCervantes, Maria Antonieta
245 0 _aMuseo Nacional de Antropología /
_cMaria Antonieta Cervantes
250 _a2a ed.
260 _bGrijalbo
300 _a95 p.
650 _aARTE
942 _cBK
999 _c8441
_d8441